000 00526nam a2200181Ia 4500
003 GCL
008 140319s9999 xx 000 0 ara d
040 _aGCL /
_cGCL
082 0 4 _a833.03
_bش ل
100 1 _aشلر، فريدرش
245 1 0 _aاللصوص او الدفاع عن الفضيلة /
_cشلر، فريدرش
300 _a280 ص
490 _a
650 0 4 _aالادب
650 0 4 _aالقصص الالمانية المترجمة
650 0 4 _aالادب الالمانى المترجم
942 _2ddc
_cBK
999 _c40888
_d40888